000 00628nam a2200217 a 4500
999 _c3127
_d3127
001 3127
003 BD-JhCC
005 20171113193321.0
008 171111s1980 bg |||| ||a| 000 0 ben d
035 _a(BD-JhCC)3127
040 _aBD-JhCC
_dBD-JhCC
041 _aben
082 _a891.442
_bISL 1980
100 _aইসলাম, জহুরুল
245 _aআওরঙজেব /
_cজহুরুল ইসলাম,
260 _aঢাকা :
_bইসলািমক ফাউণ্ডশন,
_c1980
300 _a126 p. :
_c20 cm.
650 _aBengali Historical Drama
942 _2ddc
_cBK